[Event "American Cup Champ"]
[Site "Saint Louis USA"]
[Date "2022.04.23"]
[Round "2.4"]
[White "Caruana, Fabiano"]
[Black "Sevian, Samuel"]
[Result "1-0"]
[WhiteTitle "GM"]
[BlackTitle "GM"]
[WhiteElo "2781"]
[BlackElo "2693"]
[WhiteFideId "2020009"]
[BlackFideId "2040506"]
[EventDate "2022.04.20"]

1. e4 g6 2. d4 Bg7 3. Nc3 d6 4. Be3 a6 5. g4 b5 6. Bg2 Bb7 7. h4 Nd7 8. h5 gxh5
9. g5 c5 10. Nge2 h6 11. Ng3 hxg5 12. Nxh5 Bh6 13. Qd2 cxd4 14. Qxd4 Ne5 15.
O-O-O Rc8 16. Kb1 Rc4 17. Qd2 Rb4 18. b3 Nc4 19. Qe2 Qa5 20. Bc1 g4 21. Nf4 e6
22. Nd3 Bg7 23. Rxh8 Bxh8 24. Qe1 Na3+ 25. Bxa3 Qxa3 26. Nxb4 Qxb4 27. Ne2 Qa3
28. c3 Be5 29. Nd4 Nf6 30. Qe3 Qc5 31. b4 Qc4 32. f4 gxf3 33. Bxf3 a5 34. Be2
Bxe4+ 35. Kb2 Qc8 36. Nxb5 axb4 37. Kc1 d5 38. Qb6 Bf4+ 39. Kb2 bxc3+ 40. Nxc3
Be5 41. Qb4 Nd7 42. Bb5 f5 43. Kb3 Bf3 44. Re1 Bxc3 45. Qxc3 Qxc3+ 46. Kxc3 Ke7
47. a4 Nc5 48. a5 Kd6 49. a6 e5 50. a7 d4+ 51. Kb4 d3 52. Rf1 d2 53. Rxf3 d1=Q
54. a8=Q Qd4+ 55. Bc4 Qd2+ 56. Rc3 Nd7 57. Qa6+ Ke7 58. Qe6+ Kd8 59. Qg8+ Kc7
60. Bb3+ Kb6 61. Qd8+ Ka7 62. Qa5+ Kb8 63. Qc7+ Ka8 64. Ka3 Qd4 65. Qa5+ Kb8 66.
Qb4+ 1-0

[Event "American Cup Champ"]
[Site "Saint Louis USA"]
[Date "2022.04.24"]
[Round "3.1"]
[White "Caruana, Fabiano"]
[Black "Dominguez Perez, Leinier"]
[Result "1-0"]
[WhiteTitle "GM"]
[BlackTitle "GM"]
[WhiteElo "2781"]
[BlackElo "2756"]
[WhiteFideId "2020009"]
[BlackFideId "3503240"]
[EventDate "2022.04.20"]
[EventType "k.o."]

1. c4 c5 2. Nf3 Nf6 3. Nc3 Nc6 4. d4 cxd4 5. Nxd4 e6 6. g3 Qb6 7. Ndb5 Ne5 8.
Bf4 Nfg4 9. e3 a6 10. h3 axb5 11. hxg4 Nxc4 12. g5 d5 13. a4 bxa4 14. Bxc4 dxc4
15. Rxa4 Rxa4 16. Qxa4+ Qc6 17. Qxc6+ bxc6 18. Be5 Ke7 19. Ne4 Bb7 20. Rh4 Ke8
21. Nd2 h6 22. Nxc4 Ba6 23. Nd6+ Bxd6 24. Bxd6 Bb5 25. Be5 Kf8 26. f3 Kg8 27. g6
fxg6 28. Rd4 g5 29. Rd8+ Kh7 30. Rd7 Rg8 31. Kf2 h5 32. e4 Kh6 33. Ke3 Kg6 34.
b3 h4 35. g4 Kh7 36. Kf2 Kg6 37. Bc3 Kh7 38. Re7 Ra8 39. Rxg7+ Kh6 40. Bf6 Ra2+
41. Ke3 e5 42. Bxe5 h3 43. Rg8 c5 44. f4 gxf4+ 45. Kxf4 Rf2+ 46. Kg3 Re2 47. Kf3
Rd2 48. g5+ Kh5 49. Rh8+ Kg6 50. Rh6+ Kf7 51. g6+ Ke7 52. g7 Rg2 53. Rxh3 1-0

[Event "American Cup Champ"]
[Site "Saint Louis USA"]
[Date "2022.04.25"]
[Round "3.2"]
[White "Dominguez Perez, Leinier"]
[Black "Caruana, Fabiano"]
[Result "1/2-1/2"]
[WhiteTitle "GM"]
[BlackTitle "GM"]
[WhiteElo "2756"]
[BlackElo "2781"]
[WhiteFideId "3503240"]
[BlackFideId "2020009"]
[EventDate "2022.04.20"]
[EventType "k.o."]

1. e4 e5 2. Nf3 Nc6 3. Bc4 Bc5 4. O-O Nf6 5. d3 O-O 6. Re1 Ng4 7. Re2 Kh8 8. h3
f5 9. Bg5 Nf6 10. Nc3 d6 11. exf5 Bxf5 12. Na4 Bb6 13. Nxb6 axb6 14. d4 h6 15.
dxe5 dxe5 16. Bh4 e4 17. Nh2 Qe8 18. Qe1 Rd8 19. Rd1 Rxd1 20. Qxd1 Be6 21. Bxe6
Qxe6 22. Bxf6 Qxf6 23. c3 e3 24. f3 Qe6 25. Qb3 Qxb3 26. axb3 Rd8 27. Nf1 Rd1
28. Rxe3 Na5 29. b4 Nc4 30. Re2 Rb1 31. Kf2 Nxb2 32. Re8+ Kh7 33. Ne3 Nd3+ 34.
Kg3 Re1 35. f4 Nb2 36. Kf2 Rc1 37. f5 c6 38. Re7 Kg8 39. Rxb7 Rxc3 40. Ke2 h5
41. g4 hxg4 42. hxg4 Nc4 43. Nxc4 Rxc4 44. g5 Rxb4 45. Kf3 c5 46. g6 Kf8 47.
Rf7+ Kg8 48. Rb7 Kf8 49. Rf7+ Kg8 50. Re7 Kf8 51. Rb7 Rb1 52. Rf7+ Kg8 53. Rb7
Kf8 54. Rf7+ Kg8 55. Rb7 1/2-1/2

[Event "American Cup Champ"]
[Site "Saint Louis USA"]
[Date "2022.04.27"]
[Round "4.1"]
[White "Aronian, Levon"]
[Black "Caruana, Fabiano"]
[Result "1/2-1/2"]
[WhiteTitle "GM"]
[BlackTitle "GM"]
[WhiteElo "2785"]
[BlackElo "2781"]
[WhiteFideId "13300474"]
[BlackFideId "2020009"]
[EventDate "2022.04.20"]
[EventType "k.o."]

1. e4 e5 2. Nf3 Nc6 3. Bc4 Nf6 4. d3 Bc5 5. O-O O-O 6. h3 d6 7. c3 a5 8. Re1 h6
9. Nbd2 Be6 10. Bb5 Ba7 11. Nf1 Ne7 12. Ng3 c6 13. Ba4 b5 14. Bb3 a4 15. Bxe6
fxe6 16. d4 Ng6 17. Be3 Nd7 18. Nh5 Nf4 19. Bxf4 exf4 20. e5 Qe8 21. Nh4 f3 22.
Ng3 dxe5 23. Nxf3 Qf7 24. dxe5 Nb6 25. Ne4 Nd5 26. a3 c5 27. Nd6 Qg6 28. Nh4 Qg5
29. Qg4 Qxg4 30. hxg4 c4 31. Nf3 Rf4 32. Nxb5 Rxg4 33. Kf1 h5 34. Rad1 Bc5 35.
Nbd4 Nf4 36. g3 Nd3 37. Rxd3 cxd3 38. Nxe6 Be7 39. Rd1 Kf7 40. Nf4 Rd8 41. Nd4
h4 42. Rxd3 hxg3 43. Rf3 gxf2 44. Nfe6+ Ke8 45. Nxd8 Bh4 46. N8e6 Rg1+ 47. Ke2
Re1+ 48. Kd3 g6 49. Nc7+ Kd8 50. Nce6+ Ke8 51. Nc7+ Kd8 52. Nce6+ Ke8 1/2-1/2

[Event "American Cup Champ"]
[Site "Saint Louis USA"]
[Date "2022.04.28"]
[Round "4.2"]
[White "Caruana, Fabiano"]
[Black "Aronian, Levon"]
[Result "1-0"]
[WhiteTitle "GM"]
[BlackTitle "GM"]
[WhiteElo "2781"]
[BlackElo "2785"]
[WhiteFideId "2020009"]
[BlackFideId "13300474"]
[EventDate "2022.04.20"]
[EventType "k.o."]

1. c4 Nf6 2. Nc3 e5 3. Nf3 Nc6 4. g3 Nd4 5. Bg2 Nxf3+ 6. Bxf3 Bc5 7. d3 O-O 8.
O-O a5 9. Bg2 c6 10. Bd2 d6 11. a3 Be6 12. Qc2 h6 13. Na4 Ba7 14. c5 dxc5 15.
Nxc5 Bxc5 16. Qxc5 Bd5 17. f3 a4 18. e4 Nd7 19. Qe3 Bb3 20. f4 Qb6 21. Qxb6 Nxb6
22. Rac1 Rfd8 23. Rf3 Nd7 24. Bh3 Be6 25. Bxe6 fxe6 26. Kf2 c5 27. Ke2 b6 28.
Bc3 Rac8 29. Rff1 Rf8 30. Ke3 Rc7 31. fxe5 Rxf1 32. Rxf1 Nb8 33. d4 cxd4+ 34.
Bxd4 Rc2 35. Rd1 Nc6 36. Bc3 Rxh2 37. Rd6 Na5 38. Kf3 Kf7 39. Rxb6 Nc4 40. Rb7+
Ke8 41. Rxg7 Nxb2 42. Bb4 Kd8 43. Re7 Nc4 44. Rxe6 h5 45. Bd6 h4 46. Rg6 Rh3 47.
Rg8+ Kd7 48. Rg7+ Ke8 49. Rc7 Rxg3+ 50. Kf4 Nxd6 51. exd6 Rxa3 52. Kf5 Rg3 53.
e5 1-0